Collateral warranties (Record no. 103445)

MARC details
000 -LEADER
fixed length control field 01112cam a2200253 4500
001 - CONTROL NUMBER
control field J125623
008 - FIXED-LENGTH DATA ELEMENTS--GENERAL INFORMATION
fixed length control field 040329n2003 000 0 eng u
035 ## - SYSTEM CONTROL NUMBER
System control number (Sirsi) u125623
041 ## - LANGUAGE CODE
Language code of text/sound track or separate title eng
050 ## - LIBRARY OF CONGRESS CALL NUMBER
Classification number 346.41032
-- 18
100 ## - MAIN ENTRY--PERSONAL NAME
Personal name Birkby, Gillian
245 ## - TITLE STATEMENT
Title Collateral warranties
Remainder of title briefing paper
260 ## - PUBLICATION, DISTRIBUTION, ETC.
Place of publication, distribution, etc. London
Name of publisher, distributor, etc. RICS
Date of publication, distribution, etc. 2003
300 ## - PHYSICAL DESCRIPTION
Extent 8p.
Dimensions 30cm.
490 ## - SERIES STATEMENT
Series statement RICS Briefing Paper
Volume/sequential designation Ref Confac/03/1
520 ## - SUMMARY, ETC.
Summary, etc. This briefing paper looks at the reasons for, and alternatives to collateral warranties. It considers the clauses that are often found within such documents, and advises on points to watch when faced with a collateral warranty that is not one of the industry standard forms.
650 ## - SUBJECT ADDED ENTRY--TOPICAL TERM
Topical term or geographic name entry element BUILT ENVIRONMENT-BUILDING CONTRACT FORMS-CONSTRUCTION COLLATERAL WARRANTY FORMS
650 ## - SUBJECT ADDED ENTRY--TOPICAL TERM
Topical term or geographic name entry element BUILT ENVIRONMENT-BUILDING CONTRACT FORMS
650 ## - SUBJECT ADDED ENTRY--TOPICAL TERM
Topical term or geographic name entry element CONTRACT LAW
690 ## - LOCAL SUBJECT ADDED ENTRY--TOPICAL TERM (OCLC, RLIN)
Topical term or geographic name as entry element BUILT ENVIRONMENT-BUILDING CONTRACT FORMS
710 ## - ADDED ENTRY--CORPORATE NAME
Corporate name or jurisdiction name as entry element Royal Institution of Chartered Surveyors
Subordinate unit Construction Faculty
9 (RLIN) 4214
710 ## - ADDED ENTRY--CORPORATE NAME
Corporate name or jurisdiction name as entry element Royal Institution of Chartered Surveyors
9 (RLIN) 4900
942 ## - ADDED ENTRY ELEMENTS (KOHA)
Suppress in OPAC 0
Holdings
Withdrawn status Lost status Source of classification or shelving scheme Damaged status Not for loan Home library Current library Shelving location Date acquired Total Checkouts Full call number Barcode Date last seen Copy number Price effective from Koha item type Date last checked out
    Dewey Decimal Classification     London London RICS Boxes 29/03/2004   RICS 2003/46 30069075 06/08/2019 1 06/08/2019 Archive  
    Dewey Decimal Classification     London London Books 29/03/2004   RICS 2003/46 30069071 06/08/2019 2 06/08/2019 Reference material  
    Dewey Decimal Classification     London London RICS Boxes 29/03/2004 5 RICS 2003/46 30069067 06/08/2019 3 06/08/2019 Book 14/04/2008
    Dewey Decimal Classification     Virtual Virtual Online 29/03/2004   ONLINE PUBLICATION 125623-3001 06/08/2019 1 06/08/2019 Book